Súdny ústredný oznamovateľ
Týždenník uverejňoval prípady, prerokúvané na súdoch na celom území Slovenska. Bol vzatý do evidencie výmerom Policajného riaditeľstva v Bratislave č. 4200/39 z 13. apr. 1939. Hoci bol zrušený už za Slovenského štátu, predsa vychádzal. Prestal vych. 31. dec. 1949. Od r. 1950 boli úpravy Povereníctva...
| New Title: | Úradný vestník Povereníctva vnútra |
|---|---|
| Corporate Authors: | , |
| Format: | Journal |
| Language: | Slovak |
| PhysicalDescription: | 5 roč. 38 x 29 cm |
| Published: |
Bratislava
Povereníctvo SNR pre pravosúdie v Bratislave
1/VII 1945-38/VIII 1946
Bratislava Povereníctvo spravodlivosti v Bratislave |
| Subjects: |
MARC
| LEADER | 00000nas a22000001a 4500 | ||
|---|---|---|---|
| 001 | vtls010302298 | ||
| 003 | SK-MaSNL | ||
| 005 | 20260228161759.0 | ||
| 008 | 110810d19451949xo wr p r 0 b0slo | ||
| 015 | |a SNBDS17XX9999 | ||
| 015 | |a 1556 |2 Balúnová 1945-60 | ||
| 038 | |a SNKBUDS | ||
| 040 | |a SNK |b slo |c SNK |e AACR2 | ||
| 041 | 0 | |a slo | |
| 044 | |a xo |c SK | ||
| 080 | |a 34 |2 2001 | ||
| 080 | |a 347.9 |2 2001 | ||
| 245 | 0 | 0 | |a Súdny ústredný oznamovateľ |
| 260 | |a Bratislava |b Povereníctvo SNR pre pravosúdie v Bratislave |c 1/VII 1945-38/VIII 1946 | ||
| 260 | 3 | |3 39/VIII 1946-52/XI 1949 |a Bratislava |b Povereníctvo spravodlivosti v Bratislave | |
| 300 | |a 5 roč. |c 38 x 29 cm | ||
| 310 | |a 1x týždenne | ||
| 362 | 0 | |a Roč. VII, č. 1 (1945)-roč. XI, č. 52 (31.12.1949) | |
| 500 | |a Zmena podnázvu: Od 1/IX (9. jan. 1947) 1. diel – oznamovací | ||
| 500 | |a Vych. v Bratislave týždenne | ||
| 500 | |a Red. a za red. zodp. Povereníctvo SNR pre pravosúdie v Bratislave, od 39/VIII (26. sept. 1946) Povereníctvo spravodlivosti v Bratislave | ||
| 500 | |a Vyd. Povereníctvo SNR pre pravosúdie v Bratislave, od 39/VIII (26. sept. 1946) Povereníctvo spravodlivosti v Bratislave | ||
| 500 | |a Tlač. Kníhtlačiareň Bežo a spol. v Trnave | ||
| 505 | 8 | 0 | |g Roč. VII. 1945 52 č. + 1 po 6-8 s. |
| 505 | 8 | 0 | |g Roč. VIII. 1946 52 č. po 16-26 s. |
| 505 | 8 | 0 | |g Roč. IX. 1947 52 č. + 1 po 12-36 s. |
| 505 | 8 | 0 | |g Roč. X. 1948 52 č. po 8-26 s. |
| 505 | 8 | 0 | |g Roč. XI. 1949 52 č. + 1 po 8-26 s. |
| 520 | |a Týždenník uverejňoval prípady, prerokúvané na súdoch na celom území Slovenska. Bol vzatý do evidencie výmerom Policajného riaditeľstva v Bratislave č. 4200/39 z 13. apr. 1939. Hoci bol zrušený už za Slovenského štátu, predsa vychádzal. Prestal vych. 31. dec. 1949. Od r. 1950 boli úpravy Povereníctva spravodlivosti uverejňované v Úradnom vestníku Povereníctva vnútra | ||
| 650 | 0 | 7 | |a súdnictvo |2 SNKPH |9 2632 |
| 650 | 0 | 7 | |a právo |2 SNKPH |9 976 |
| 650 | 0 | 7 | |a administratíva |2 SNKPH |9 642 |
| 655 | 7 | |a administratívno-právne časopisy |2 SNKBUDS |9 269541 | |
| 655 | 7 | |a rezortné časopisy |2 SNKBUDS |9 269542 | |
| 710 | 1 | |a Slovensko (Československo). |b Povereníctvo spravodlivosti |9 145672 | |
| 710 | 2 | |a Bežo, Gustáv Adolf a spol |9 213411 | |
| 785 | 0 | 2 | |t Úradný vestník Povereníctva vnútra |
| 852 | |a SNK |b 10000 |h ČSA 295 | ||
| 852 | |a UKB |b 300000 |h 20 A 68 | ||
| 852 | |a UKB |b 300000 |h SA 236 | ||
| 852 | |a SVKKK |b 900000 |h D 9 | ||
| 999 | |c 6032 |d 7962 | ||


